Vida, pasión y muerte de la convertibilidad en Argentina (Registro nro. 22991)

Detalles MARC
000 -LEADER
fixed length control field 00391 a2200121 4500
001 - CONTROL NUMBER
control field ART_5870
005 - DATE AND TIME OF LATEST TRANSACTION
control field 20260410161828.0
008 - FIXED-LENGTH DATA ELEMENTS--GENERAL INFORMATION
fixed length control field 260409a
100 1# - MAIN ENTRY--PERSONAL NAME
Personal name Beker, Víctor Alberto
245 10 - TITLE STATEMENT
Title Vida, pasión y muerte de la convertibilidad en Argentina
700 1# - ADDED ENTRY--PERSONAL NAME
Personal name Escudé, Guillermo J.
773 0# - HOST ITEM ENTRY
Title Estudios Económicos
Related parts - Vol. 25, Nº 50 (ene./jun. 2008)
Record control number REV5080

No hay ítems disponibles.